• 首页
  • 本馆介绍
  • 公告通知
  • 最新文献
  • 馆藏检索
  • 电子资源
  • 读者荐购
  • 参考咨询
  • CALIS
  • 我的图书馆
  • 登录
  • 详细信息显示
  • 放入我的书架
  • 预约/预借图书
  • 作者相关作品
  • 分类相关作品
  • 丛书相关作品
  • 出版社相关作品

书目信息

  • 表格格式
  • 工作单格式
  • 卡片格式
题名:
管道安装工程预算一点通
    
 
作者: 裴永棋 主编
分册:  
出版信息: 合肥   安徽科学技术出版社  2001
页数: 163页
开本: 26cm
丛书名:
单 册:
中图分类: TU81
科图分类:
主题词: 房屋建筑设备--管道
电子资源:
ISBN: 7-5337-2101-2
 
 
 
 
 
000 00598nam0 2200193 45
001 0260503036
005 2002040816482262
010    @a7-5337-2101-2@dRMB 18.00
100    @a20020408d2001 km y0chiy0120 ea
101 0  @achi
102    @aCN@b340000
200 1  @a管道安装工程预算一点通@AGuan Dao An Zhuang Gong Cheng Yu Suan Yi Dian Tong@f裴永棋等主编@Fpei yong qi deng zhu bian
210    @a合肥@c安徽科学技术出版社@d2001
215    @a163页@d26cm
606 0  @a房屋建筑设备@x管道
690    @aTU81@v3
701  0 @a裴永棋@Apei yong qi@4主编
801  0 @aCN@bPFT@c20020408
905    @a安徽大学@dTU81@eP410
    
    管道安装工程预算一点通/裴永棋等主编.-合肥:安徽科学技术出版社,2001
    163页;26cm
    
    
    ISBN 7-5337-2101-2:RMB 18.00
    
●
相关链接 在E读中查询图书 在当当中查询图书 在豆瓣中查询图书


正题名:管道安装工程预算一点通     索取号:TU81/P410         预约/预借

序号 登录号 条形码 馆藏地/架位号 状态 备注
1 358282   203582827   建筑库201/201建筑库 49排6列1层/ [索取号:TU81/P410] 在馆    
2 358283   203582836   建筑库201/201建筑库 49排6列1层/ [索取号:TU81/P410] 在馆    
3 358284   203582845   建筑库201/201建筑库 49排6列1层/ [索取号:TU81/P410] 在馆    
河南城建学院图书馆 欢迎您!
大连网信软件有限公司© 版权所有